MARC

LEADER 00000nam a22000007a 4500
005 20190924133941.0
007 cr|||| |||
008 190924c20009999co fr|w s|||| 0|||b1spa d
035 |a 22380 
040 |a vLex 
090 |c 9634  |d 9634 
245 0 0 |a Revista Estudios de Derecho  |h [Recurso electrn̤ico] / 
256 |a Servicio en ln̕ea 
260 |a Medelln̕:  |b Universidad de Antioquia,  |c 2000 - 
300 |a 1 recurso electrn̤ico 
310 |a Semestral 
506 1 |a Disponible solo en los productos indicados  |d vLex Global  |d vLex Global (Academic Edition, excluding Law Schools)  |d vLex Global (U.S. Academic Edition, Law Schools)  |d vLex Global (U.S. Academic Edition, excluding Law Schools)  |d vLex Global (Academic Edition, Law Schools) 
650 0 4 |a Derecho Civil  |z Colombia 
650 0 4 |a Derecho Mercantil y de la Empresa  |z Colombia 
650 0 4 |a Derecho Penal  |z Colombia 
650 0 4 |a Derecho Pb︢lico y Administrativo  |z Colombia 
650 0 4 |a Derecho Constitucional  |z Colombia 
650 0 4 |a Economa̕ y negocios  |z Colombia 
650 0 4 |a Ciencias sociales  |z Colombia 
740 0 |a vLex Revistas (Servicio en ln̕ea) 
856 4 0 |u http://vlex.com/source/revista-estudios-derecho-22380  |z Acceso restringido 
942 |c REV 
999 0 |a Civil Law 
999 0 |a Commercial and Business Law 
999 0 |a Criminal Law 
999 0 |a Public and Administrative Law 
999 0 |a Constitutional Law 
999 0 |a Economy and business